Quizzes
Events
Quiz Creation
Community
Videos
Private Events
Remove Ads
Sign In
Join for FREE
Feedback
Dark Mode
Quiz Categories
Sports
Geography
Music
Movies
Television
Just For Fun
Miscellaneous
History
Literature
Language
Science
Gaming
Entertainment
Religion
Holiday
For Kids
Quiz Lab
Recent
Popular Today
Quiz Kudos Today
Editor Picks
Curator Picks
Quizzes by...
Day
Popularity
Type
Ratings
Length
Year
Community
Subscriptions
Recent Discussions
Orange Saloon
Badges
Playlists
Quests
Create
Leaderboards
Showdown
Live 5
Trivia Bingo
Activity
Puzzle Library
Sporcle Events
Private Events
Virtual Trivia
Globe League
Become a Host
Pub Owners
SporcleCon
Opinionation
Our Games
Videos
Blog
Mobile Apps
Partnerships
Remove Ads and Go Orange
Feedback
Sports
Athletes
MLB
NBA
NHL
NFL
Soccer
Sports Teams
WWE
NCAA
Football
Premier League
Basketball
Baseball
Hockey
Golf
Tennis
Cricket
Rugby
Auto Racing
Olympics
World Cup
Sports
Athletes
MLB
NBA
NHL
NFL
Soccer
Sports Teams
WWE
NCAA
Football
Premier League
Basketball
Baseball
Hockey
Golf
Tennis
Cricket
Rugby
Auto Racing
Olympics
World Cup
Random Quiz
Search Sporcle
×
Quiz Lab
Quiz Lab
Sports
Premier League
Type in answers that appear in a list
Type in answers that appear in a list
Classic
Best Score? Go Orange.
Premier League Near Misses Stats
Can you name the Premier League teams that narrowly avoided relegation?
By
Tommy124
5m
63 Questions
131 Plays
131 Plays
131 Plays
Comments
Comments
Give Quiz Kudos
Give Quiz Kudos
-
- Ratings
hide this ad
More Info
Replay
Link that replays current quiz
Next Quiz
Link to next quiz in quiz playlist
You Got
0%
They Got
Avg Score
86%
Avg Friend Score
Upgrade to see
Score Distribution
Jump to the score distribution portion of the page
Score
0/63
Timer
05:00
0
Plays Today
Answer
% Correct
Aston Villa
96.2%
Aston Villa
96.2%
Aston Villa
96.2%
Aston Villa
96.2%
Aston Villa
96.2%
Newcastle United
95.4%
Sunderland
95.4%
Sunderland
95.4%
Sunderland
95.4%
Sunderland
95.4%
Everton
93.9%
Everton
93.9%
Everton
93.9%
Everton
93.9%
Everton
93.9%
Everton
93.9%
West Bromwich Albion
93.1%
Wigan Athletic
91.6%
Wigan Athletic
91.6%
Wigan Athletic
91.6%
Wigan Athletic
91.6%
Queens Park Rangers
90.1%
Manchester City
90.1%
Manchester City
90.1%
Manchester City
90.1%
Blackburn Rovers
89.3%
West Ham United
89.3%
Blackburn Rovers
89.3%
West Ham United
89.3%
Blackburn Rovers
89.3%
Blackburn Rovers
89.3%
West Ham United
89.3%
Answer
% Correct
Bolton Wanderers
88.5%
Bolton Wanderers
88.5%
Bolton Wanderers
88.5%
Fulham
87.8%
Fulham
87.8%
Southampton
87.8%
Southampton
87.8%
Southampton
87.8%
Southampton
87.8%
Southampton
87.8%
Southampton
87.8%
Leeds United
83.2%
Leeds United
83.2%
Wolverhampton Wanderers
82.4%
Wolverhampton Wanderers
82.4%
Portsmouth
82.4%
Portsmouth
82.4%
Ipswich Town
80.2%
Hull City
77.9%
Sheffield Wednesday
77.9%
Sheffield Wednesday
77.9%
Derby County
73.3%
Derby County
73.3%
Bradford City
69.5%
Coventry City
68.7%
Coventry City
68.7%
Coventry City
68.7%
Coventry City
68.7%
Oldham Athletic
68.7%
Wimbledon
65.6%
Wimbledon
65.6%
Quiz Playlist
Details
Report
Send in Message
Add To Playlist
More Info:
All answers are teams that finished in the three places immediately above the relegation zone in each Premier League season.
Classic:
Type in answers that appear in a list
Last Updated: Feb 16, 2017
Quiz Scoreboard
CHALLENGE
Sign Up to Join the Scoreboard
Show All
Scores
Hide
Comments
May contain spoilers
Recently Published
Movies - When Are They Set?
by FPL_Elf
Movies
5m
Popular People in 1961
by mucciniale
History
6m
1-10 Letter E Words III
by El_Dandy
Language
2m
More to Explore
Quiz From the Vault
Featured Blog Post
Where Did the Easter Bunny Come From?
hide this ad
You Might Also Like...
Tags
Premier League Quiz
League
near
Premier
relegation
team
Today's Top Quizzes in Sports
Browse Sports
hide this ad
Today's Top Quizzes in Premier League
Browse Premier League
Top Contributed Quizzes in Sports
1
Les meilleurs buteurs des matchs entre le PSG et l’OM
2
2022 World Cup Stars
3
FIFA Club World Cup Champions
4
Les entraîneurs de l'OM et du PSG au 21e siècle
5
Name the Premier League winners with different clubs
6
La finale Lions - Afrique du Sud 2021
7
Criteria MLB: Left Handed Sluggers
8
Les joueurs passés par le LOSC et le RC Lens
9
Players with Multiple 50 Home Run Seasons
10
MLB Players with Two .350 Batting Average Seasons
Explore More
Trending Topics
Kpop
Disney
NBA
Anime
Crossword
Marvel
Harry Potter
Pokémon
WWE
Soccer
Puzzle
Song
Country
The Office
NFL
hide this ad
More By:
Tommy124
Quiz
Plays
Rating
Category
Featured
Created
FIFA World Top 20 since 1997
2,160
4.31
Sports
May 17, 2011
Big Cat Countries
1,145
4.25
Geography
Oct 1, 2011
UEFA Top 10 since 1993
606
4.43
Sports
Sep 25, 2013
Glasgow Airport Destination Countries
579
3.25
Geography
Feb 5, 2011
Nationalities of Middlesbrough Players
522
1.33
Sports
May 16, 2011
Go to Creator's Profile
Score Distribution
Quiz Creator Spotlight
Tommy124
Follow
Send a Message
Quizzes Created
-
Created Quiz Play Count
-
More By This Creator
Popular Quizzes Today
1
Find the Countries of Europe - No Outlines Minefield
2
Find the US States - No Outlines Minefield
3
The Countries of the World
4
Popular People in 1961
5
US States
6
1-10 Letter E Words III
7
Find the US States
8
One Thing in Common: World Cities II
More Sports Quizzes
'How's Your Spelling?' - Premier League Footballers
Curator's Pick
Trending Quizzes
Risky Map Clicking: Least Populous States A-Z
1-10 Letter F Words
1-10 Letter G Words
One Thing in Common: United Kingdom
Risky Map Clicking: Next State Alphabetically
Recently Updated
Leaping Animals
pecheneg
Reality TV Shows (A-Z)
bhenderson79
Rickey Henderson's Hall of Fame Teammates
pecheneg
Champions League XIs: Arsenal
pecheneg
Quick Pick: Celebrities in WWE's Hall of Fame
aduchscher
A-Z Keypad Blitz II
pecheneg
Multiple Oscar Actors
pecheneg
Mystery Phrase Blitz: Oscar 'Best Actors'
pecheneg
F. Scott Fitzgerald Novels
LTH
Pick 3 Villains
ddd62291
Trending Topics
Anime
Harry Potter
Crossword
NBA
Marvel
Kpop
Disney
Puzzle
Song
Pokémon
WWE
The Office
Country
NFL
Soccer
Your Account Isn't Verified!
In order to create a playlist on Sporcle, you need to verify the email address you used during registration. Go to your
Sporcle Settings
to finish the process.
Report this User
Report this user for behavior that violates our
Community Guidelines
.
Details:
Send Report
Go to the Sporcle.com Mobile Site →
Comments